Science Quiz

Random Science or Astronomy Quiz

Astronomy by Haiku Quiz Stats

 Plays Quiz Updated Feb 26, 2020

Support Sporcle.
Go Orange.
Score 0/15 Timer 06:00
0 Plays Today
Haiku Ye stars! which are the poetry of heaven % Correct
Our home galaxy
Also a Mars candy bar
Part of 'Local Group'
Milky Way
89.1%
Death of massive star
Light takes some time to reach us
Oasis' 'Champagne _________'
Supernova
74.7%
Alas, poor Pluto:
Thou canst not clear thine orbit
Be classified thus!
Dwarf planet
71%
Unit of distance
'Parlili...parsnip...parsley...'
Part of Kessel Run?
Parsec
69.2%
Orion, top left
Ford Prefect has roots nearby
Say my name three times!
Betelgeuse
64.4%
Herein: the North Star
AKA Little Dipper
Bordered by Draco
Ursa Minor
63.3%
Brightest night sky star(s)
Gryffindor Animagus
'Dog days' of summer
Sirius
60.3%
Interstellar clouds
And science fiction awards
Vague or ill-defined
Nebulæ
57.9%
Haiku Ye stars! which are the poetry of heaven % Correct
Closest star system
Seen in a half-man, half-horse
Just four light years hence
Alpha Centauri
54.3%
Mark Twain's birth and death
'Dirty Snowball' components
Seventy-six years
Halley's Comet
53.3%
A common mistake
To think Titan bigger than
This Jovian moon
Ganymede
48.2%
Sixth child of Saturn
'The Bringer of Jollity'
Day = ~10 hours
Jupiter
43.4%
A real 'spin' doctor
Composed mostly of neutrons
Please use your blinker!
Pulsar
40.8%
Open star cluster
Nymph partners of Artemis
Seven, in Taurus
Pleiades
26.6%
Rings and Roche Limits
Enya's '91 album
Satellites and sheep?
Shepherd moons
8.5%

You're not logged in!

Compare scores with friends on all Sporcle quizzes.
OR
Log In

From the Vault

4-Letter 'WH' Words

by geronimostilton

We don't want to admit how many 5-letter words we tried entering.
Remove Ads.
Support Sporcle.
Get the best of Sporcle when you Go Orange. This ad-free experience offers more features, more stats, and more fun while also helping to support Sporcle. Thank you for becoming a member.

Show Comments

Extras

Top Quizzes Today


Score Distribution

Your Account Isn't Verified!

In order to create a playlist on Sporcle, you need to verify the email address you used during registration. Go to your Sporcle Settings to finish the process.

Report this User

Report this user for behavior that violates our Community Guidelines.

Details: